000 00622nam a2200181 i 4500
001 94894
003 ES-MaACL
005 20230906181558.0
007 t|
008 050517s1968 sp ||||1| spa d
100 1 _aLucrecio Caro, Tito.
_974604
245 1 0 _aDe la naturaleza de las cosas (de rerum natura) /
_cTito Lucrecio Caro; traducción de José Marchena.; introducción y notas de Domingo Plácido Suárez.
260 _aMadrid :
_bCiencia Nueva,
_c1968.
300 _a374 p., 3 h. ;
_c18 cm.
700 1 _aMarchena, José.
_976419
700 1 _aPlácido, Domingo.
_992506
852 _aES-MaACL
_jC-34825
_bR.66918
999 _c94894
_d94894